The rise and fall of Stalin
Gardado en:
| Autor Principal: | |
|---|---|
| Formato: | Libro |
| Idioma: | Undetermined |
| Publicado: |
London
W. H. Allen
1966
|
| Các nhãn: |
Engadir etiqueta
Sen Etiquetas, Sexa o primeiro en etiquetar este rexistro!
|
| Thư viện lưu trữ: | Trung tâm Học liệu Trường Đại học Cần Thơ |
|---|
| LEADER | 00429nam a2200169Ia 4500 | ||
|---|---|---|---|
| 001 | CTU_86526 | ||
| 008 | 210402s9999 xx 000 0 und d | ||
| 082 | |a 947.084 | ||
| 082 | |b P346 | ||
| 100 | |a Payne, Robert | ||
| 245 | 4 | |a The rise and fall of Stalin | |
| 245 | 0 | |c Robert Payne | |
| 260 | |a London | ||
| 260 | |b W. H. Allen | ||
| 260 | |c 1966 | ||
| 904 | |i Nguyên | ||
| 980 | |a Trung tâm Học liệu Trường Đại học Cần Thơ | ||